Normal view
MARC view
Entry Personal Name
001 - CONTROL NUMBER
- control field: 1237843
003 - CONTROL NUMBER IDENTIFIER
- control field: OSt
005 - DATE AND TIME OF LATEST TRANSACTION
- control field: 20260430150544.0
008 - FIXED-LENGTH DATA ELEMENTS
- fixed length control field: 260430|| aca||aabn | a|a d
040 ## - CATALOGING SOURCE
- Original cataloging agency: OSt
- Transcribing agency: OSt
100 ## - HEADING--PERSONAL NAME
- Personal name: Rana Ruchi Au.; Uma Devi Gu
670 ## - SOURCE DATA FOUND
- Source citation: Work cat.: (OSt)1850069: Rana Ruchi Au.; Uma Devi Gu., Nature and Ecological Ethos in the Folklife of Uttarakhand: Folklore, Beliefs, Practices and Conservation Ethics, 2024
